| 000 | 00851 a2200181 4500 | ||
|---|---|---|---|
| 003 | Nust | ||
| 005 | 20230727104530.0 | ||
| 040 | _cNust | ||
| 082 | _a621.3822,MAS | ||
| 100 |
_aMason, Samuel J. _9113863 |
||
| 245 |
_aElectronic circuits, signals and systems / _cSamuel J. Mason and Henry J. Zimmermann |
||
| 260 |
_aNew York _bJohn Wiley _c1960 |
||
| 300 | _a616 p.; | ||
| 505 | _aIntroduction (Page-1),Matrix Circuits Analysis(Page-6),Topological Circuits Analysis(Page-54),Linear Signal Flow Graphs(Page-92),Flow Graph Circuit Analysis(Page-127),Signal Analysis(Page-178),Transmission Of Signal Through Linear Systems(Page-310),Non Linear And Time Varying Linear Systems(Page-503),The Negative Feedback Concepts(Page-565). | ||
| 650 | _aTelecommunication Engineering. | ||
| 700 |
_aZimmermann, Henry J. _9113864 |
||
| 942 |
_2ddc _cBK _k621.3822,MAS |
||
| 999 |
_c182778 _d182778 |
||